Statistiques concernant Clubs de Premier League (championnat d'Angleterre) 2016-2017

Cliquez ici pour prendre le quiz!

Statistiques générales

  • Ce quiz a été pris 53 fois
  • Le résultat moyen est 13 sur 20

Statistiques - réponses

Se maintient depuis Club % Correct
1978Manchester United FC
100%
2002Manchester City FC
100%
1919Arsenal FC
98%
1989Chelsea FC
93%
1962Liverpool FC
91%
1971Tottenham Hotspur FC
89%
1954Everton FC
84%
2012Southampton FC
62%
2007Sunderland AFC
60%
2015AFC Bournemouth
56%
2008Stoke City FC
53%
2014Leicester City FC
53%
2013Crystal Palace FC
51%
2012West Ham United FC
49%
2016Hull City AFC
49%
2016Burnley FC
49%
2010West Bromwich Albion FC
47%
2011Swansea City AFC
42%
2015Watford FC
38%
2016Middlesbrough FC
22%

Distribution des résultats

Percentile by Number Answered

% des personnes avec chaque résultat

Votre développement - résultats

Vous n’avez pas pris ce quiz